Algebra dos

Guardat en:
Dades bibliogràfiques
Autors principals: Bustos, Manuel (Autor), Tapia, Luis (Autor)
Format: Llibre
Idioma:espanyol
Publicat: Valparaíso Universidad Técnica Federico Santa María 1982
Matèries:
Etiquetes: Afegir etiqueta
Sense etiquetes, Sigues el primer a etiquetar aquest registre!

MARC

LEADER 00000nam a2200000 a 4500
001 UCS4648
003 CL-VaPUC
008 970808e19820000CL |||||||||||||||||spa|d
082 0 4 |a 512  |b BUS  |2 21 
100 0 |a Bustos, Manuel  |e author  |9 390546 
700 0 |a Tapia, Luis  |e author  |9 390547 
245 1 0 |a Algebra dos 
300 |a 196 h 
942 |c BK 
945 |d 19970808 00:00:00  |a rbrito 
260 |a Valparaíso  |b Universidad Técnica Federico Santa María  |c 1982 
650 0 |a Álgebra  |9 259567 
650 0 |a Vectores  |9 317184 
650 0 |a Álgebra vectorial   |9 269971 
650 0 |a Geometría   |9 264063 
650 0 |a Números complejos  |9 270335 
650 0 |a Matrices   |9 22 
650 7 |a DETERMINANTES  |2 CL-VaPUC  |9 390548 
583 |a last modification  |c 19970808 00:00:00  |k Rodrigo Vera 
999 |c 261591  |d 261589